[Event "FRA-ch U18"]
[Site "Agen"]
[Date "2022.04.20"]
[Round "5"]
[White "Lambach, Maxime"]
[Black "Decuigniere, Tom"]
[Result "0-1"]
[WhiteElo "2053"]
[BlackElo "2371"]
[PlyCount "86"]
[EventDate "2022.04.16"]
[EventType "swiss"]
[EventRounds "9"]
[EventCountry "FRA"]
[SourceTitle "EXT 2023"]
[Source "ChessBase"]
[SourceDate "2022.10.05"]
[SourceVersion "1"]
[SourceVersionDate "2022.10.05"]
[SourceQuality "1"]

1. e4 c6 2. d4 d5 3. exd5 cxd5 4. c3 Nc6 5. Bf4 Bf5 6. Nd2 f6 7. Ngf3 g5 8. Be3 e6 9. Bb5 Bd6 10. Qe2 Nge7 11. h3 h5 12. Bd3 Kf7 13. Nb3 Bxd3 14. Qxd3 Ng6 15. 0-0-0 b6 16. Kb1 a5 17. Nc1 a4 18. a3 Na5 19. Nd2 b5 20. Rhe1 Nc4 21. Na2 Nh4 22. g3 Nf5 23. g4 Nh4 24. Qe2 Qd7 25. Nc1 Ng2 26. Rg1 Nf4 27. Bxf4 Bxf4 28. Nxc4 bxc4 29. h4 hxg4 30. hxg5 f5 31. Rh1 Qe7 32. Rde1 Bxg5 33. Na2 Qf6 34. Rxh8 Rxh8 35. Nb4 Rh2 36. Nc6 Kg7 37. Qf1 Bf4 38. Ka2 Bd6 39. Re2 f4 40. Qe1 Rh6 41. Qg1 Rg6 42. Qh1 f3 43. Re3 Qg5 0-1

[Event "Cappelle Online Blitz op"]
[Site "Europe Echecs INT"]
[Date "2021.03.07"]
[Round "9"]
[White "Farthouat, Titoine"]
[Black "Lambach, Maxime"]
[Result "0-1"]
[WhiteElo "1652"]
[BlackElo "1962"]
[PlyCount "66"]
[EventDate "2021.03.07"]
[EventType "swiss (blitz)"]
[EventRounds "11"]
[EventCountry "FRA"]
[SourceTitle "CBM 201 Extra"]
[Source "ChessBase"]
[SourceDate "2021.05.31"]
[SourceVersion "1"]
[SourceVersionDate "2021.05.31"]
[SourceQuality "1"]

1. e4 c5 2. Nf3 d6 3. d4 cxd4 4. Nxd4 Nf6 5. Nc3 a6 6. Be3 e6 7. Be2 b5 8. 0-0 b4 9. Na4 Nxe4 10. Bf3 Bb7 11. Qd3 d5 12. Nb3 Nd7 13. Bxe4 dxe4 14. Qd4 e5 15. Qd2 Be7 16. Rad1 Qc7 17. Nbc5 Nxc5 18. Nxc5 a5 19. Qd7+ Qxd7 20. Nxd7 f6 21. Nb6 Rd8 22. Rxd8+ Bxd8 23. Nc4 Ke7 24. Rd1 Bc7 25. Bc5+ Ke6 26. Bb6 Bxb6 27. Rd6+ Ke7 28. Rxb6 Bd5 29. Nxa5 Rc8 30. Rxb4 Rxc2 31. g3 Rc1+ 32. Kg2 e3+ 33. f3 e2 0-1

[Event "Cappelle Online Blitz op"]
[Site "Europe Echecs INT"]
[Date "2021.03.07"]
[Round "10"]
[White "Lambach, Maxime"]
[Black "Juhasz, Barbara"]
[Result "0-1"]
[WhiteElo "1962"]
[BlackElo "2211"]
[PlyCount "125"]
[EventDate "2021.03.07"]
[EventType "swiss (blitz)"]
[EventRounds "11"]
[EventCountry "FRA"]
[SourceTitle "CBM 201 Extra"]
[Source "ChessBase"]
[SourceDate "2021.05.31"]
[SourceVersion "1"]
[SourceVersionDate "2021.05.31"]
[SourceQuality "1"]

1. e4 c5 2. Nf3 Nc6 3. Bb5 g6 4. Bxc6 dxc6 5. d3 Bg7 6. h3 Nf6 7. Nc3 0-0 8. Be3 b6 9. Qd2 e5 10. Bh6 Qd6 11. 0-0 Re8 12. Bxg7 Kxg7 13. a4 a5 14. Qe3 Nh5 15. Nd2 f6 16. Nc4 Qc7 17. Ne2 Be6 18. b3 Nf4 19. Nxf4 exf4 20. Qf3 Rad8 21. Kh2 f5 22. exf5 Bxf5 23. Rfe1 h5 24. Kg1 Kf7 25. Rad1 Rxe1+ 26. Rxe1 Re8 27. Rxe8 Kxe8 28. Qe2+ Kd8 29. Qe5 Qxe5 30. Nxe5 Kc7 31. Kf1 b5 32. Ke2 c4 33. dxc4 bxa4 34. Kd2 a3 35. Kc3 Kd6 36. Nf3 Kc5 37. Ng5 a2 38. Kb2 a1Q+ 39. Kxa1 Bxc2 40. Kb2 Bf5 41. Nf7 Kd4 42. Nd8 Bd7 43. Nb7 f3 44. gxf3 Bxh3 45. Nxa5 Bd7 46. b4 h4 47. Nb3+ Kxc4 48. Nd2+ Kd3 49. Ne4 h3 50. Ng3 Kd2 51. f4 Ke1 52. f5 Bxf5 53. Kc3 Kxf2 54. Nxf5 gxf5 55. Kc4 h2 56. Kc5 h1Q 57. Kb6 Qd5 58. Ka6 Qb5+ 59. Ka7 Qxb4 60. Ka8 c5 61. Ka7 c4 62. Ka8 c3 63. Ka7 0-1

[Event "Cappelle Online Blitz op"]
[Site "Europe Echecs INT"]
[Date "2021.03.07"]
[Round "8"]
[White "Lambach, Maxime"]
[Black "Roussat, Fabien"]
[Result "1-0"]
[WhiteElo "1962"]
[BlackElo "1681"]
[PlyCount "83"]
[EventDate "2021.03.07"]
[EventType "swiss (blitz)"]
[EventRounds "11"]
[EventCountry "FRA"]
[SourceTitle "CBM 201 Extra"]
[Source "ChessBase"]
[SourceDate "2021.05.31"]
[SourceVersion "1"]
[SourceVersionDate "2021.05.31"]
[SourceQuality "1"]

1. e4 e6 2. d4 d5 3. Nd2 Nf6 4. e5 Nfd7 5. Bd3 c5 6. c3 Nc6 7. Ne2 Qb6 8. Nf3 c4 9. Bc2 f6 10. exf6 Nxf6 11. 0-0 Bd7 12. Bf4 0-0-0 13. a4 Nh5 14. Be5 Nxe5 15. Nxe5 Bd6 16. Nf7 Qc7 17. Ng3 Nf4 18. Nxd8 Kxd8 19. Qg4 g6 20. Rfe1 h5 21. Qg5+ Be7 22. Qe5 Qxe5 23. Rxe5 Bd6 24. Ree1 g5 25. Ne2 h4 26. Nxf4 gxf4 27. f3 h3 28. Re2 hxg2 29. Rxg2 e5 30. dxe5 Bxe5 31. Rg5 Bf6 32. Rxd5 Kc7 33. Rad1 Bc6 34. Rf5 Rg8+ 35. Kf1 Bh4 36. Rxf4 Bg5 37. Rxc4 Kb6 38. Be4 Bd7 39. Rxd7 Re8 40. Rxb7+ Ka5 41. Rb5+ Ka6 42. Rc6# 1-0

[Event "Cappelle Online Bullet op"]
[Site "Europe Echecs INT"]
[Date "2021.03.05"]
[Round "15"]
[White "Brasseur, Vincent"]
[Black "Lambach, Maxime"]
[Result "0-1"]
[WhiteElo "1603"]
[BlackElo "1962"]
[PlyCount "96"]
[EventDate "2021.03.05"]
[EventType "swiss (blitz)"]
[EventRounds "15"]
[EventCountry "FRA"]
[SourceTitle "EXT 2022"]
[Source "ChessBase"]
[SourceDate "2021.10.06"]
[SourceVersion "1"]
[SourceVersionDate "2021.10.06"]
[SourceQuality "1"]

1. e4 c5 2. Nf3 d6 3. d4 cxd4 4. Nxd4 Nf6 5. Nc3 a6 6. Be2 e6 7. 0-0 Be7 8. Bf3 0-0 9. Be3 Qc7 10. Qd2 Nc6 11. Nxc6 bxc6 12. Rfd1 d5 13. exd5 cxd5 14. Re1 Bb7 15. Rad1 Rfd8 16. Bd4 Rac8 17. Be5 Qb6 18. Na4 Qb5 19. b3 Ne4 20. Bxe4 dxe4 21. Qe2 Qxe5 22. Rxd8+ Rxd8 23. f3 Qd4+ 24. Qe3 exf3 25. Qxd4 Rxd4 26. gxf3 Bxf3 27. Kf2 Bb7 28. Ke3 Re4+ 29. Kf2 Bh4+ 30. Kf3 Rxe1+ 31. Kg4 Ra1 32. c4 Rxa2 33. Nc5 Bc6 34. b4 Rb2 35. b5 axb5 36. cxb5 Rxb5 37. Nd3 Rd5 38. Nf4 Rd4 39. Kxh4 Rxf4+ 40. Kg3 Rf6 41. h4 e5 42. Kg4 e4 43. Kg5 e3 44. h5 e2 45. h6 gxh6+ 46. Kxf6 e1Q 47. Kf5 Qe4+ 48. Kf6 Qe6# 0-1

[Event "Cappelle Online Bullet op"]
[Site "Europe Echecs INT"]
[Date "2021.03.05"]
[Round "14"]
[White "Lambach, Maxime"]
[Black "Haussernot, Cecile"]
[Result "0-1"]
[WhiteElo "1962"]
[BlackElo "2171"]
[PlyCount "70"]
[EventDate "2021.03.05"]
[EventType "swiss (blitz)"]
[EventRounds "15"]
[EventCountry "FRA"]
[SourceTitle "EXT 2022"]
[Source "ChessBase"]
[SourceDate "2021.10.06"]
[SourceVersion "1"]
[SourceVersionDate "2021.10.06"]
[SourceQuality "1"]

1. d4 Nf6 2. Bg5 e6 3. Nd2 Be7 4. e3 h6 5. Bh4 c5 6. c3 cxd4 7. exd4 g5 8. Bg3 Nc6 9. Bd3 d5 10. Ngf3 Bd6 11. Qe2 Nh5 12. Ne5 Nxg3 13. hxg3 Nxe5 14. dxe5 Bc5 15. Nb3 Qb6 16. Nxc5 Qxc5 17. 0-0 h5 18. Rac1 h4 19. gxh4 Rxh4 20. b4 Qf8 21. g3 Rh3 22. Kg2 Rh8 23. Rh1 Bd7 24. Rxh8 Qxh8 25. Rh1 Qf8 26. Qg4 0-0-0 27. Qxg5 Bc6 28. Qe3 d4+ 29. Qe4 Bxe4+ 30. Bxe4 dxc3 31. Rc1 Qxb4 32. Bf3 Qb2 33. Re1 c2 34. Be4 c1Q 35. Rxc1+ Qxc1 0-1

[Event "Cappelle Online Bullet op"]
[Site "Europe Echecs INT"]
[Date "2021.03.05"]
[Round "13"]
[White "Saya, Ethan"]
[Black "Lambach, Maxime"]
[Result "1-0"]
[WhiteElo "2230"]
[BlackElo "1962"]
[PlyCount "65"]
[EventDate "2021.03.05"]
[EventType "swiss (blitz)"]
[EventRounds "15"]
[EventCountry "FRA"]
[SourceTitle "EXT 2022"]
[Source "ChessBase"]
[SourceDate "2021.10.06"]
[SourceVersion "1"]
[SourceVersionDate "2021.10.06"]
[SourceQuality "1"]

1. b3 d5 2. Bb2 Nf6 3. e3 e6 4. f4 Be7 5. Nf3 c5 6. Be2 Nc6 7. 0-0 0-0 8. Bxf6 a6 9. Bxe7 Qxe7 10. d3 Qf6 11. Nbd2 b5 12. Qe1 Bb7 13. Qh4 Qxh4 14. Nxh4 d4 15. e4 Nb4 16. Rfc1 Rfe8 17. a3 Nc6 18. e5 Ne7 19. Bf3 Nd5 20. Bxd5 Bxd5 21. Nhf3 Rac8 22. Ne4 Red8 23. Nd6 Rb8 24. Kf2 Kf8 25. a4 Ke7 26. axb5 axb5 27. Ra7+ Rd7 28. Rca1 Rbd8 29. Rxd7+ Rxd7 30. Ra5 Bxf3 31. Kxf3 b4 32. Rxc5 Ra7 33. Nc8+ 1-0

[Event "Ville d'Orsay online Blitz"]
[Site "Europe Echecs INT"]
[Date "2021.02.07"]
[Round "4"]
[White "Maghsoodloo, Parham"]
[Black "Lambach, Maxime"]
[Result "1/2-1/2"]
[WhiteElo "2676"]
[BlackElo "1962"]
[PlyCount "106"]
[EventDate "2021.02.07"]
[EventType "swiss (blitz)"]
[EventRounds "11"]
[EventCountry "FRA"]
[SourceTitle "CBM 200 Extra"]
[Source "ChessBase"]
[SourceDate "2021.03.31"]
[SourceVersion "1"]
[SourceVersionDate "2021.03.31"]
[SourceQuality "1"]

1. e4 c5 2. Nf3 d6 3. d4 cxd4 4. Nxd4 Nf6 5. Nc3 a6 6. Bg5 e6 7. f4 Be7 8. Qf3 Qc7 9. 0-0-0 Bd7 10. Bd3 Nc6 11. Nxc6 Bxc6 12. Rhe1 b5 13. Kb1 Bb7 14. Qg3 b4 15. Ne2 Nxe4 16. Bxe4 Bxe4 17. Nd4 Bg6 18. f5 Bh5 19. fxe6 0-0 20. Nf5 Bxg5 21. Qxg5 Bg6 22. Ne7+ Kh8 23. Nxg6+ fxg6 24. e7 Rfe8 25. Re6 Rac8 26. Rd2 Qc4 27. Rexd6 Qf1+ 28. Rd1 Qe2 29. R6d2 Qxe7 30. Qxe7 Rxe7 31. Rd8+ Re8 32. Rxc8 Rxc8 33. Rd6 Re8 34. a4 bxa3 35. b3 Kg8 36. Rd2 g5 37. c4 Kf7 38. Ka2 Rc8 39. Kxa3 Ke6 40. Rd5 g4 41. Rg5 g6 42. Rxg4 Rc5 43. Re4+ Kf5 44. Re2 h5 45. Kb4 Rc7 46. c5 h4 47. Kc4 g5 48. b4 g4 49. Ra2 h3 50. gxh3 gxh3 51. Rxa6 Kg4 52. Rg6+ Kf3 53. Rg2 hxg2 1/2-1/2

[Event "C'Chartres Blitz op"]
[Site "Europe Echecs INT"]
[Date "2020.11.28"]
[Round "6"]
[White "Lambach, Maxime"]
[Black "Eden, James"]
[Result "0-1"]
[WhiteElo "1962"]
[BlackElo "2323"]
[PlyCount "82"]
[EventDate "2020.11.28"]
[EventType "swiss (blitz)"]
[EventRounds "11"]
[EventCountry "FRA"]
[SourceTitle "CBM 199 Extra"]
[Source "ChessBase"]
[SourceDate "2021.01.31"]
[SourceVersion "1"]
[SourceVersionDate "2021.01.31"]
[SourceQuality "1"]

1. e4 e5 2. Nf3 Nc6 3. Bb5 a6 4. Bxc6 dxc6 5. 0-0 f6 6. d4 exd4 7. Nxd4 c5 8. Ne2 Qxd1 9. Rxd1 Bd7 10. Be3 0-0-0 11. Nbc3 Bd6 12. Bf4 Bxf4 13. Nxf4 Ne7 14. Rd2 Nc6 15. Rad1 Rhe8 16. f3 f5 17. Nfd5 Nd4 18. Kf2 Bc6 19. b4 fxe4 20. fxe4 Bxd5 21. exd5 Rf8+ 22. Kg1 cxb4 23. Rxd4 bxc3 24. R4d3 Rf5 25. h3 Rd6 26. g4 Re5 27. Kf2 b5 28. a3 Kb7 29. Kg3 g5 30. Kf3 Kb6 31. Rxc3 Rexd5 32. Rcd3 Rxd3+ 33. Rxd3 Rxd3+ 34. cxd3 a5 35. Ke4 Kc5 36. d4+ Kc4 37. Kf5 b4 38. axb4 axb4 39. Kxg5 b3 40. Kh6 b2 41. Kxh7 b1Q+ 0-1

[Event "C'Chartres Blitz op"]
[Site "Europe Echecs INT"]
[Date "2020.11.28"]
[Round "2"]
[White "Lambach, Maxime"]
[Black "Harshavardhan, GB."]
[Result "0-1"]
[WhiteElo "1962"]
[BlackElo "2397"]
[PlyCount "136"]
[EventDate "2020.11.28"]
[EventType "swiss (blitz)"]
[EventRounds "11"]
[EventCountry "FRA"]
[SourceTitle "CBM 199 Extra"]
[Source "ChessBase"]
[SourceDate "2021.01.31"]
[SourceVersion "1"]
[SourceVersionDate "2021.01.31"]
[SourceQuality "1"]

1. e4 e5 2. Nf3 Nc6 3. Bb5 a6 4. Bxc6 dxc6 5. 0-0 Bd6 6. d4 exd4 7. Qxd4 f6 8. Be3 Ne7 9. Nbd2 Be6 10. Nc4 Bxh2+ 11. Kxh2 Qxd4 12. Nxd4 Bxc4 13. Rfe1 0-0-0 14. Rad1 c5 15. Nf3 b6 16. b3 Be6 17. e5 Rxd1 18. Rxd1 Nd5 19. exf6 Nxe3 20. fxe3 gxf6 21. Kg3 Rg8+ 22. Kf2 a5 23. Rh1 Bf5 24. c3 Kb7 25. Nd2 a4 26. Nc4 axb3 27. axb3 Bc2 28. b4 cxb4 29. cxb4 Bd3 30. Nd2 Ra8 31. Rh6 Ra2 32. Ke1 Bg6 33. Rh4 Rb2 34. Rf4 Ka6 35. Rxf6 Rxb4 36. e4 Bxe4 37. Rf4 Rb1+ 38. Nxb1 Bxb1 39. Rf7 c5 40. Kd2 b5 41. Kc3 b4+ 42. Kb3 Kb5 43. Rb7+ Kc6 44. Rf7 Be4 45. Rf6+ Kb5 46. g4 c4+ 47. Kb2 c3+ 48. Kb3 Bd5+ 49. Kc2 Kc5 50. Rf5 Kd4 51. Rf4+ Be4+ 52. Kb3 c2 53. Rf1 Kd3 54. Kxb4 Kd2 55. Kc5 c1Q+ 56. Rxc1 Kxc1 57. Kd4 Bg6 58. Ke5 Kd2 59. Kf4 Ke2 60. Kg5 Ke3 61. Kh4 Kf4 62. g5 Kf5 63. Kh3 Kxg5 64. Kh2 Kh4 65. Kg2 Be4+ 66. Kh2 Kg4 67. Kg1 Kg3 68. Kf1 h5 0-1

[Event "C'Chartres Blitz op"]
[Site "Europe Echecs INT"]
[Date "2020.11.28"]
[Round "8"]
[White "Lambach, Maxime"]
[Black "Kuhn, Clement"]
[Result "0-1"]
[WhiteElo "1962"]
[BlackElo "2180"]
[PlyCount "114"]
[EventDate "2020.11.28"]
[EventType "swiss (blitz)"]
[EventRounds "11"]
[EventCountry "FRA"]
[SourceTitle "CBM 199 Extra"]
[Source "ChessBase"]
[SourceDate "2021.01.31"]
[SourceVersion "1"]
[SourceVersionDate "2021.01.31"]
[SourceQuality "1"]

1. e4 e6 2. d4 d5 3. Nd2 Nf6 4. e5 Nfd7 5. Bd3 c5 6. c3 Nc6 7. Ne2 cxd4 8. cxd4 f6 9. exf6 Nxf6 10. 0-0 Bd6 11. Nf3 Qc7 12. Bg5 0-0 13. Rc1 h6 14. Bh4 Nh5 15. Bg3 Nxg3 16. Nxg3 Qf7 17. a3 e5 18. dxe5 Nxe5 19. Nxe5 Bxe5 20. Qe2 Bd4 21. Bb1 Bb6 22. Rcd1 Be6 23. b4 Rae8 24. Qc2 g5 25. a4 Bg4 26. Rxd5 Re1 27. Rd2 Rxf1+ 28. Nxf1 Be6 29. a5 Bc7 30. Ng3 Bf4 31. Re2 Rc8 32. Qe4 Rc1+ 33. Re1 Bd5 34. Qe2 Rxe1+ 35. Qxe1 Bc4 36. Qc3 Ba6 37. Qc2 Bc4 38. Ne4 Bc7 39. g3 b5 40. Nc5 Bd6 41. Qf5 Qxf5 42. Bxf5 Bxc5 43. bxc5 Bd5 44. Bd3 b4 45. Kf1 Kf7 46. Ke2 Ke6 47. Kd2 Ke5 48. Ke3 g4 49. Bb1 b3 50. Kd2 Kd4 51. c6 Bxc6 52. Bf5 Be4 53. Be6 b2 54. Ba2 b1Q 55. Bxb1 Bxb1 56. Ke2 Bd3+ 57. Kd2 Ba6 0-1

[Event "Europe Echecs Blitz Nov op"]
[Site "Europe Echecs INT"]
[Date "2020.11.08"]
[Round "8"]
[White "Alberola, Raphael"]
[Black "Lambach, Maxime"]
[Result "1-0"]
[WhiteElo "1664"]
[BlackElo "1962"]
[PlyCount "81"]
[EventDate "2020.11.08"]
[EventType "swiss (blitz)"]
[EventRounds "11"]
[EventCountry "FRA"]
[SourceTitle "CBM 199 Extra"]
[Source "ChessBase"]
[SourceDate "2021.01.31"]
[SourceVersion "1"]
[SourceVersionDate "2021.01.31"]
[SourceQuality "1"]

1. e4 c5 2. Nf3 d6 3. d4 cxd4 4. Nxd4 Nf6 5. Nc3 a6 6. f3 Qb6 7. Nb3 e6 8. Bd3 Be7 9. Qe2 Nc6 10. Be3 Qc7 11. 0-0-0 b5 12. Kb1 Bb7 13. g4 Ne5 14. h4 Rc8 15. Rc1 Nc4 16. Bxc4 bxc4 17. Nd4 Rb8 18. h5 h6 19. g5 hxg5 20. Bxg5 Qb6 21. Be3 Qb4 22. a3 Qa5 23. Ka2 d5 24. e5 Nd7 25. Nb1 Ba8 26. c3 Nxe5 27. h6 g6 28. Rc2 Nd3 29. h7 Rb7 30. Bh6 Bf6 31. Qe3 Rb6 32. Bg5 Ke7 33. Bxf6+ Kxf6 34. Qh6 Nc5 35. Qh4+ Kg7 36. Qh6+ Kf6 37. Qf4+ Kg7 38. Qe5+ f6 39. Qc7+ Kf8 40. Qd8+ Kg7 41. Qe7# 1-0

[Event "Europe Echecs Blitz Nov op"]
[Site "Europe Echecs INT"]
[Date "2020.11.08"]
[Round "7"]
[White "Lambach, Maxime"]
[Black "Mareau, Timothe"]
[Result "0-1"]
[WhiteElo "1962"]
[BlackElo "1603"]
[PlyCount "52"]
[EventDate "2020.11.08"]
[EventType "swiss (blitz)"]
[EventRounds "11"]
[EventCountry "FRA"]
[SourceTitle "CBM 199 Extra"]
[Source "ChessBase"]
[SourceDate "2021.01.31"]
[SourceVersion "1"]
[SourceVersionDate "2021.01.31"]
[SourceQuality "1"]

1. e4 e6 2. d4 d5 3. Nd2 Nc6 4. Ngf3 Nf6 5. e5 Nd7 6. c3 f6 7. exf6 Qxf6 8. Bb5 Bd6 9. 0-0 0-0 10. Qe2 e5 11. dxe5 Ncxe5 12. Nxe5 Nxe5 13. h3 c6 14. Ba4 Qf4 15. Bc2 Qh4 16. Qe3 Bf5 17. Bxf5 Rxf5 18. c4 Raf8 19. cxd5 cxd5 20. b3 Ng4 21. Qe6+ Kh8 22. Qxd6 Nxf2 23. Bb2 Nxh3+ 24. gxh3 Rg5+ 25. Kh2 Rf2+ 26. Kh1 Qxh3+ 0-1

[Event "FRA-ch Blitz Online Qual"]
[Site "Europe Echecs INT"]
[Date "2020.05.16"]
[Round "12"]
[White "Lambach, Maxime"]
[Black "Courjal, Pauline"]
[Result "1/2-1/2"]
[WhiteElo "1980"]
[BlackElo "1848"]
[PlyCount "77"]
[EventDate "2020.05.16"]
[EventType "swiss (blitz)"]
[EventRounds "15"]
[EventCountry "FRA"]
[SourceTitle "CBM 196 Extra"]
[Source "ChessBase"]
[SourceDate "2020.07.31"]
[SourceVersion "1"]
[SourceVersionDate "2020.07.31"]
[SourceQuality "1"]

1. e4 e6 2. d4 d5 3. Nd2 dxe4 4. Nxe4 Nd7 5. Nf3 Ngf6 6. Ng3 b6 7. Bd3 Bb7 8. 0-0 Be7 9. c3 0-0 10. Bf4 c5 11. dxc5 Nxc5 12. Bc2 Qxd1 13. Raxd1 Bxf3 14. gxf3 Rfd8 15. b4 Na6 16. Ne4 Rac8 17. Rxd8+ Rxd8 18. Rd1 Rxd1+ 19. Bxd1 Nd5 20. Bg3 f5 21. Be2 Naxb4 22. cxb4 fxe4 23. fxe4 Nc3 24. Bc4 Kf7 25. e5 Bxb4 26. Kf1 Ne4 27. Ke2 Nxg3+ 28. hxg3 Bc5 29. f3 g5 30. Kd3 Bf2 31. g4 Bg3 32. Ke4 Bf4 33. Bb3 Ke7 34. a4 a5 35. Kd4 Kd7 36. Bc4 h6 37. Bb5+ Ke7 38. Bc4 Kd7 39. Bb5+ 1/2-1/2

[Event "FRA-ch Blitz Online Qual"]
[Site "Europe Echecs INT"]
[Date "2020.05.16"]
[Round "2"]
[White "Lambach, Maxime"]
[Black "Guliyev, Namig"]
[Result "0-1"]
[WhiteElo "1980"]
[BlackElo "2529"]
[PlyCount "76"]
[EventDate "2020.05.16"]
[EventType "swiss (blitz)"]
[EventRounds "15"]
[EventCountry "FRA"]
[SourceTitle "CBM 196 Extra"]
[Source "ChessBase"]
[SourceDate "2020.07.31"]
[SourceVersion "1"]
[SourceVersionDate "2020.07.31"]
[SourceQuality "1"]

1. e4 c5 2. Nf3 d6 3. d4 cxd4 4. Nxd4 Nf6 5. Nc3 a6 6. Be2 e6 7. Be3 Qc7 8. f4 b5 9. Bf3 Bb7 10. a3 Nbd7 11. Nb3 Be7 12. 0-0 0-0 13. Qe1 Nb6 14. Rd1 Nc4 15. Bc1 Rac8 16. Rd3 Nd7 17. Qg3 Rfe8 18. Rfd1 Bf8 19. Nd2 Nc5 20. Rd4 Ne3 21. Nb3 Nxc2 22. R4d2 Ne3 23. Re1 Nxb3 24. Rxe3 Nxc1 25. Rc2 Qc5 26. Qf2 Nb3 27. g3 b4 28. axb4 Qxb4 29. Kg2 Nd4 30. Rc1 Nb3 31. Rc2 Rc5 32. Na2 Qb6 33. Rxc5 dxc5 34. Rc3 Nd4 35. Qe3 f5 36. h4 Nxf3 37. Kxf3 Bxe4+ 38. Kf2 Qxb2+ 0-1

[Event "FRA-ch Blitz Online Qual"]
[Site "Europe Echecs INT"]
[Date "2020.05.16"]
[Round "7"]
[White "Shirazi, Kamran"]
[Black "Lambach, Maxime"]
[Result "1-0"]
[WhiteElo "2355"]
[BlackElo "1980"]
[PlyCount "57"]
[EventDate "2020.05.16"]
[EventType "swiss (blitz)"]
[EventRounds "15"]
[EventCountry "FRA"]
[SourceTitle "CBM 196 Extra"]
[Source "ChessBase"]
[SourceDate "2020.07.31"]
[SourceVersion "1"]
[SourceVersionDate "2020.07.31"]
[SourceQuality "1"]

1. d4 d5 2. c4 e6 3. Nc3 Nf6 4. cxd5 exd5 5. Nf3 Be7 6. g3 c6 7. Bg2 0-0 8. 0-0 Bf5 9. Bf4 h6 10. Ne5 Nbd7 11. Re1 Nxe5 12. dxe5 Ne4 13. Nxe4 dxe4 14. Qc2 Qb6 15. b3 Qb4 16. a3 Qb6 17. b4 a5 18. bxa5 Rxa5 19. Bxe4 Bxe4 20. Qxe4 Rxa3 21. Rxa3 Bxa3 22. Rb1 Qa5 23. Rxb7 Rd8 24. e6 Qe1+ 25. Kg2 fxe6 26. Qxe6+ Kh8 27. Be5 Bf8 28. Qxh6+ Kg8 29. Rxg7+ 1-0